00371nam a2200133Ia 4500003000400000008004100004020002700045040000800072100002200080245008600102260002700188300001000215365001200225LDD181029s9999 xx 000 0 und d a9781902538419cP 14.99 cLDD aBusselle, Michael 0aBetter digital photography guide toblandscapes seas and skiescMichael Busselle aLondonbArgentumc2006 a128p. bP 14.99